000
00338nam a22001457a 4500
008
221020b ||||| |||| 00| 0 eng d
020
_a
9781284078329
041
_a
eng
080
_2
FOURTH EDITION
_a
610.73
082
_a
610.73 MAS
100
_a
8
101
_a
INF
245
_a
ROLE DEVELOPMENT
_c
MASTERS KATHELEEN
942
_2
udc
_c
BK
999
_c
58626
_d
58626